Achievements Of And Innovations For Persons with Disabilities/ (Record no. 203984)

MARC details
000 -LEADER
fixed length control field 00676nam a22001937a 4500
005 - DATE AND TIME OF LATEST TRANSACTION
control field 20240708111759.0
010 ## - LCCN (DPL NO)
LC control number ENG-140781
020 ## - INTERNATIONAL STANDARD BOOK NUMBER
Terms of availability 350.00
International Standard Book Number 9788193342671
035 ## - SYSTEM CONTROL NUMBER
System control number EN-124313
037 ## - SOURCE OF ACQUISITION
Source of stock number/acquisition DBAD
082 ## - DEWEY DECIMAL CLASSIFICATION NUMBER
Classification number 362.4
Edition number 1
100 ## - MAIN ENTRY--PERSONAL NAME
Personal name Prabavathy, .M
245 ## - TITLE STATEMENT
Title Achievements Of And Innovations For Persons with Disabilities/
Statement of responsibility, etc Ed. by M. Prabavathy And Pon. Kathiresan,
260 ## - PUBLICATION, DISTRIBUTION, ETC. (IMPRINT)
Place of publication, distribution, etc Tiruchirappalli
Name of publisher, distributor, etc Raja Publications
Date of publication, distribution, etc 2017
270 ## - ADDRESS
City Tiruchirappalli
Address No.10,Upstairs, Ibrahim Nagar, kajamalai, Tiruchirappalli
Postal code 620023
Telephone number 9600535241
300 ## - PHYSICAL DESCRIPTION
Extent 479
Dimensions 20cm(pb)
700 ## - ADDED ENTRY--PERSONAL NAME
Personal name Rani, D Shobha
9 (RLIN) 68196
942 ## - ADDED ENTRY ELEMENTS (KOHA)
Source of classification or shelving scheme Dewey Decimal Classification
Item type English Books
Classification part 362.4
Call number suffix PRA

No items available.


© Delhi Public Library
Hit Counter
free hit counter